000 01577ngm a22002777a 4500
005 20260319063833.0
006 g||| |r||||z 0| vz
007 vc cv iak
008 120322|2011 ag ||||| |||| 00| v|spa|d
040 _aAR-MoUNM
110 2 _92425
_aCanal encuentro.
245 1 4 _aAutomatismos
_h[videograbación] /
_cCanal encuentro y el Instituto Nacional de Educación Tecnológica.
260 _aBuenos Aires :
_bCanal encuentro :
_bInstituto Nacional de Educación Tecnológica :
_bMinisterio de Educación,
_c2011.
300 _a1 DVD- ROMs :
_bson. ; col.
490 0 _a(Ciencia y Tecnología)
500 _aSituaciones en la vía pública, en un bar, en el trabajo o en el hogar se convierten en escenarios para explicar, en forma didáctica y simple, el funcionamiento de automatismos naturales, artificiales o industriales. ¿Qué es un automatismo? ¿Cómo funcionan y a qué principios responden? ¿Cuáles de ellos participan en nuestra vida cotidiana y por qué se utilizan? Esas y otras preguntas encuentran respuesta en Automatismos, una propuesta coproducida con el Instituto Nacional de Educación Tecnológica (INET).
505 0 _tCapítulo 1. Automatismos naturales y artificiales.
505 0 _tCapítulo 2. Automatismos modernos.
505 0 _tCapítulo 3. Automatismos industriales.
505 0 _tCapítulo 4. Automatismos avanzados.
650 7 _aTECNOLOGIA
_9536
_2unescot
651 7 _2unescot
_aARGENTINA
_92590
650 7 _2mpirdes
_aCIENCIA
_9160
710 1 _94680
_aInstituto Nacional de Educación Tecnológica (Argentina)
942 _cDVD
999 _c2089
_d2089